000
00210 a2200097 4500
001
17636
100
_a
Leithnann G
245
_a
Topics in optimization
260
_a
_b
Academic Press
_c
090
_c
13021
_d
13021
942
_a
NUST-CAE
_c
M
_c
3361
999
_c
252709
_d
252709